000 00885cam a2200157 4500500
005 20251228060111.0
041 _afre
042 _adc
100 1 0 _aDarcq, Noëlla
_eauthor
245 0 0 _aMille voyages en un voyage
260 _c2005.
500 _a21
520 _aRésumé Enquête portant sur 111 personnes ayant repris leurs études après un parcours scolaire décevant ou mal orienté et parvenant à obtenir au minimum un diplôme de l’enseignement supérieur. Leur entourage les déclarait incapables, nuls, inaptes aux études. Pourtant ces élèves sont parvenus à obtenir des diplômes à Bac + 4 par une mise en œuvre de conditions sociales et de dynamiques affectives.
786 0 _nEnfances & Psy | 28 | 3 | 2005-03-01 | p. 157-160 | 1286-5559
856 4 1 _uhttps://shs.cairn.info/revue-enfances-et-psy-2005-3-page-157?lang=fr&redirect-ssocas=7080
999 _c1586950
_d1586950